<?xml version="1.0" encoding="UTF-8"?>
<record
    xmlns:xsi="http://www.w3.org/2001/XMLSchema-instance"
    xsi:schemaLocation="http://www.loc.gov/MARC21/slim http://www.loc.gov/standards/marcxml/schema/MARC21slim.xsd"
    xmlns="http://www.loc.gov/MARC21/slim">

  <leader>01387nam a2200289 a 4500</leader>
  <controlfield tag="003">DO-SdBNP</controlfield>
  <controlfield tag="005">20240306172149.0</controlfield>
  <controlfield tag="007">ta</controlfield>
  <controlfield tag="008">230221t19821994sp ||||gr|||| 001 f spa d</controlfield>
  <datafield tag="020" ind1=" " ind2=" ">
    <subfield code="a">84014268X (Col. Ave Fenix)</subfield>
  </datafield>
  <datafield tag="020" ind1=" " ind2=" ">
    <subfield code="a">8401423023 (Vol. 168/1)</subfield>
  </datafield>
  <datafield tag="040" ind1=" " ind2=" ">
    <subfield code="a">DO-SdBNP</subfield>
    <subfield code="b">spa</subfield>
    <subfield code="c">BNPHU</subfield>
  </datafield>
  <datafield tag="082" ind1=" " ind2="4">
    <subfield code="2">22</subfield>
    <subfield code="a">Ch863.44</subfield>
    <subfield code="b">A432c 1994</subfield>
  </datafield>
  <datafield tag="100" ind1="1" ind2=" ">
    <subfield code="a">Allende, Isabel,</subfield>
    <subfield code="d">1942-</subfield>
    <subfield code="9">24166</subfield>
  </datafield>
  <datafield tag="245" ind1="1" ind2="3">
    <subfield code="a">La casa de los esp&#xED;ritus. /</subfield>
    <subfield code="c">Isabel Allende.</subfield>
  </datafield>
  <datafield tag="250" ind1=" " ind2=" ">
    <subfield code="a">17a. ed.</subfield>
  </datafield>
  <datafield tag="260" ind1=" " ind2=" ">
    <subfield code="a">Espa&#xF1;a, Barcelona :</subfield>
    <subfield code="b">Plaza &amp; Jan&#xE9;s,</subfield>
    <subfield code="c">1994</subfield>
  </datafield>
  <datafield tag="300" ind1=" " ind2=" ">
    <subfield code="a">453 p. ;</subfield>
    <subfield code="c">18 cm.</subfield>
  </datafield>
  <datafield tag="490" ind1="0" ind2=" ">
    <subfield code="a">Ave Fenix ;</subfield>
    <subfield code="v">168/1</subfield>
  </datafield>
  <datafield tag="500" ind1=" " ind2=" ">
    <subfield code="a">Ilustraci&#xF3;n de la portada: cartel de la  pel&#xED;cula cedido por Lauren Films.</subfield>
  </datafield>
  <datafield tag="505" ind1=" " ind2=" ">
    <subfield code="a">Cap&#xED;tulo Primero: Rosa, la bella.</subfield>
    <subfield code="t">Cap&#xED;tulo II: Las tres Mar&#xED;a.--</subfield>
    <subfield code="t">Cap&#xED;tulo III: Clara, clarividente.--</subfield>
    <subfield code="t">Cap&#xED;tulo IV: el tiempo de los esp&#xED;ritus.--</subfield>
    <subfield code="t">Cap&#xED;tulo V: Los amantes.--</subfield>
    <subfield code="t">Cap&#xED;tulo VI: La venganza.--</subfield>
    <subfield code="t">Cap&#xED;tulo VII: Los hermanos.--</subfield>
    <subfield code="t">Cap&#xED;tulo VIII: El conde.--</subfield>
    <subfield code="t">Cap&#xED;tulo IX: La ni&#xF1;a Alba.--</subfield>
    <subfield code="t">Cap&#xED;tulo X: La &#xE9;poca del estropicio</subfield>
    <subfield code="t">Cap&#xED;tulo XI: El despertar</subfield>
    <subfield code="t">Cap&#xED;tulo XII: La conspiraci&#xF3;n.--</subfield>
    <subfield code="t">Cap&#xED;tulo XIII: El terror.--</subfield>
    <subfield code="t">Cap&#xED;tulo XIV: La hora de la verdad.--</subfield>
    <subfield code="t">Ep&#xED;logo.</subfield>
  </datafield>
  <datafield tag="590" ind1=" " ind2=" ">
    <subfield code="a">Inventariado 2023 / MF</subfield>
  </datafield>
  <datafield tag="650" ind1=" " ind2="4">
    <subfield code="a">Novela chilena</subfield>
    <subfield code="9">3163</subfield>
  </datafield>
  <datafield tag="650" ind1=" " ind2="4">
    <subfield code="9">3164</subfield>
    <subfield code="a">Literatura chilena</subfield>
  </datafield>
  <datafield tag="910" ind1=" " ind2=" ">
    <subfield code="a">Validado. Control de calidad MFF</subfield>
  </datafield>
  <datafield tag="942" ind1=" " ind2=" ">
    <subfield code="2">ddc</subfield>
    <subfield code="c">LBS1</subfield>
  </datafield>
  <datafield tag="952" ind1=" " ind2=" ">
    <subfield code="0">0</subfield>
    <subfield code="1">0</subfield>
    <subfield code="2">ddc</subfield>
    <subfield code="5">6</subfield>
    <subfield code="7">0</subfield>
    <subfield code="8">GR</subfield>
    <subfield code="a">BNPHU</subfield>
    <subfield code="b">BNPHU</subfield>
    <subfield code="c">HD</subfield>
    <subfield code="d">2015-07-21</subfield>
    <subfield code="e">Donado por Ivett Arias</subfield>
    <subfield code="o">BNPHU GR Ch863.44 A432c 1994</subfield>
    <subfield code="p">2023-1044</subfield>
    <subfield code="r">2023-02-21</subfield>
    <subfield code="w">2023-02-21</subfield>
    <subfield code="y">LBS1</subfield>
  </datafield>
  <datafield tag="999" ind1=" " ind2=" ">
    <subfield code="c">53132</subfield>
    <subfield code="d">53132</subfield>
  </datafield>
</record>
